[Event "SR 3. liga A2 2012/2013"]
[Site "?"]
[Date "2012.12.09"]
[Round "5.6"]
[White "Bilovsky, Milan"]
[Black "Valla, Tomas"]
[Result "0-1"]
[WhiteElo "1911"]
[BlackElo "1813"]
[PlyCount "34"]
[EventDate "2012.??.??"]

1. c4 Nf6 2. d4 c5 3. d5 e6 4. Nc3 exd5 5. cxd5 d6 6. e4 g6 7. Bd3 Bg7 8. Nge2
O-O 9. O-O a6 10. a4 Ne8 11. Ng3 Nc7 12. f4 Re8 13. a5 Nd7 14. Be3 Nf6 15. Bd2
Ng4 16. Qf3 Bd4+ 17. Kh1 Nxh2 0-1

[Event "SR 3. liga A2 2012/2013"]
[Site "?"]
[Date "2012.12.09"]
[Round "5.6"]
[White "Brunovsky, Peter"]
[Black "Chabada, Tomas"]
[Result "1/2-1/2"]
[WhiteElo "1816"]
[BlackElo "1941"]
[PlyCount "31"]
[EventDate "2012.??.??"]

1. d4 Nf6 2. Nf3 g6 3. Bf4 Bg7 4. e3 O-O 5. h3 c5 6. c3 d5 7. Bd3 Nc6 8. O-O
Re8 9. Bh2 Ne4 10. Nbd2 Bf5 11. Bb1 Qb6 12. Qb3 cxd4 13. exd4 Bh6 14. Nxe4 Bxe4
15. Bxe4 dxe4 16. Ne5 1/2-1/2

[Event "SR 3. liga A2 2012/2013"]
[Site "?"]
[Date "2012.12.09"]
[Round "5.6"]
[White "Kovarik, Oto"]
[Black "Kocak, Branislav"]
[Result "0-1"]
[WhiteElo "1979"]
[BlackElo "1891"]
[PlyCount "112"]
[EventDate "2012.??.??"]

1. e4 c5 2. Nf3 d6 3. d4 cxd4 4. Nxd4 Nf6 5. Nc3 a6 6. Be2 e5 7. Nf3 Qc7 8. Nd5
Nxd5 9. exd5 Be7 10. Be3 Nd7 11. c4 a5 12. O-O O-O 13. a3 a4 14. Qc2 Nc5 15.
Rab1 g6 16. Bxc5 Qxc5 17. Nd2 f5 18. b4 axb3 19. Nxb3 Qc7 20. Ra1 Bd7 21. Qc1
Kg7 22. Rb1 Ra7 23. Rd1 Ba4 24. Rd3 Rc8 25. Nd2 Bg5 26. Rg3 Bf4 27. Rf3 Bg5 28.
Rb4 b5 29. Qb2 bxc4 30. Nxc4 Bf6 31. Rh3 Bd7 32. Qd2 f4 33. Rhb3 Ba4 34. Rb1
Bd7 35. Bd3 Qc5 36. Nb6 Qc3 37. Qd1 Rc5 38. Nxd7 Rxd7 39. a4 Rxd5 40. R4b3 Qd4
41. Qe2 Rc7 42. Bb5 Rdc5 43. h3 Rc1+ 44. Rxc1 Rxc1+ 45. Kh2 Qa1 46. g3 Rh1+ 47.
Kg2 Qg1+ 48. Kf3 fxg3 49. fxg3 Rh2 50. Qf1 Qd4 51. Re3 d5 52. Bd3 Bg5 53. Re1
Bd2 54. Bb1 e4+ 55. Rxe4 dxe4+ 56. Bxe4 Qe3+ 0-1

[Event "SR 3. liga A2 2012/2013"]
[Site "?"]
[Date "2012.12.09"]
[Round "5.6"]
[White "Ambros, Rafael"]
[Black "Sefcik, Marek"]
[Result "0-1"]
[WhiteElo "1997"]
[BlackElo "2021"]
[PlyCount "106"]
[EventDate "2012.??.??"]

1. e4 c5 2. Nc3 e6 3. g3 Nc6 4. Bg2 d6 5. Nge2 Bd7 6. O-O Be7 7. d3 a6 8. a4
Bf6 9. f4 Nge7 10. h3 h5 11. Be3 Bd4 12. Bf2 Bxf2+ 13. Rxf2 Qb6 14. Rb1 Nd4 15.
b3 Nxe2+ 16. Nxe2 O-O-O 17. c3 Bc6 18. b4 d5 19. e5 Nf5 20. bxc5 Qxc5 21. d4
Qa5 22. Rb4 Ne3 23. Qb3 b5 24. axb5 Bxb5 25. Qb1 Qc7 26. Qb3 g6 27. Rf3 Nxg2
28. Rxb5 axb5 29. Kxg2 Qc4 30. Qb2 Rd7 31. Nc1 Ra7 32. Rf2 Kc7 33. Rc2 Rha8 34.
Kf3 Ra3 35. Kf2 Ra1 36. Kg2 R8a3 37. Kf2 Ra4 38. Kg2 R1a3 39. Kf2 Kd8 40. Kg2
Ra5 41. Kf2 Ra8 42. Kg2 Qa4 43. Kf2 Ra5 44. Kg2 Ra1 45. Kf2 Qa3 46. Qxa3 R5xa3
47. g4 Rb1 48. f5 exf5 49. gxh5 gxh5 50. Nd3 Rbb3 51. Nb4 Rxc3 52. Re2 Rxh3 53.
Nxd5 Rh2+ 0-1

[Event "SR 3. liga A2 2012/2013"]
[Site "?"]
[Date "2012.12.09"]
[Round "5.6"]
[White "Horak, Ivan"]
[Black "Pribila, Gerhard"]
[Result "1-0"]
[WhiteElo "2094"]
[BlackElo "2080"]
[PlyCount "169"]
[EventDate "2012.??.??"]

1. e4 c5 2. Nf3 e6 3. d4 cxd4 4. Nxd4 a6 5. c4 Nf6 6. Bd3 Qc7 7. O-O Nc6 8.
Nxc6 dxc6 9. Nc3 e5 10. b3 Bc5 11. Bg5 Bg4 12. Be2 Bxe2 13. Qxe2 Bd4 14. Rac1
Nd7 15. Qf3 Nf8 16. Ne2 Bc5 17. Rfd1 Ne6 18. Qf5 O-O 19. Rd3 Nxg5 20. Qxg5 Rad8
21. Rcd1 Rxd3 22. Rxd3 Be7 23. Qd2 Rd8 24. Rxd8+ Qxd8 25. Qxd8+ Bxd8 26. Kf1
Be7 27. Ke1 Bb4+ 28. Kd1 Kf8 29. Kc2 Ke7 30. Nc1 Bc5 31. Nd3 Bd4 32. b4 b5 33.
Kb3 Kd6 34. a4 h5 35. f3 g6 36. h3 h4 37. Ne1 Be3 38. Nc2 Bd2 39. Na3 Bc1 40.
cxb5 axb5 41. Nb1 bxa4+ 42. Kxa4 Bb2 43. Kb3 Bd4 44. Kc4 Be3 45. Na3 Ke6 46.
Kb3 Bd4 47. Nc4 Bf2 48. Na5 Kd6 49. Kc4 Kc7 50. Nb3 Kd6 51. Nc1 Bg1 52. Nd3 Be3
53. Kb3 Bd4 54. Ka4 Kc7 55. Ka5 Kb7 56. f4 exf4 57. Nxf4 Bb6+ 58. Ka4 Kc7 59.
e5 Be3 60. Nd3 Kd7 61. Ne1 Ke6 62. Nf3 g5 63. Ka5 Kd5 64. Ka6 Ke6 65. Kb7 Kd7
66. Ne1 c5 67. b5 c4 68. b6 Bf2 69. Nc2 Bc5 70. Ka6 Kc6 71. b7 Kc7 72. Kb5 Kxb7
73. Kxc4 Ba7 74. Kd5 Kc8 75. e6 f6 76. Kd6 Kd8 77. e7+ Ke8 78. Ke6 Bc5 79. Kxf6
Bxe7+ 80. Kg6 Kd7 81. Nd4 Bd8 82. Kf5 Kd6 83. Nf3 Kd5 84. Nxg5 Kd4 85. Ne6+ 1-0

[Event "SR 3. liga A2 2012/2013"]
[Site "?"]
[Date "2013.01.13"]
[Round "6.1"]
[White "Spacek, Oliver"]
[Black "Pribila, Michal"]
[Result "1-0"]
[WhiteElo "1977"]
[BlackElo "2110"]
[PlyCount "67"]
[EventDate "2012.??.??"]

1. d4 c5 2. d5 Nf6 3. c4 e6 4. Nc3 exd5 5. cxd5 d6 6. g3 g6 7. Bg2 Bg7 8. Nf3
O-O 9. O-O a6 10. a4 Re8 11. Nd2 Nbd7 12. h3 Rb8 13. Nc4 Ne5 14. Na3 Qc7 15. f4
Ned7 16. e4 c4 17. Qe2 b5 18. axb5 axb5 19. Be3 b4 20. Ncb5 Qd8 21. Nxc4 Rxb5
22. Nxd6 Rb8 23. Nxe8 Nxe8 24. e5 Nb6 25. Ra7 Nc7 26. d6 Ne6 27. f5 gxf5 28.
Qh5 Nd7 29. Rxf5 Qe8 30. Be4 Nd8 31. Rg5 Nf8 32. Rxg7+ Kxg7 33. Bh6+ Kg8 34.
Bxf8 1-0

[Event "SR 3. liga A2 2012/2013"]
[Site "?"]
[Date "2013.01.13"]
[Round "6.1"]
[White "Pribila, Gerhard"]
[Black "Diviak, Rastislav"]
[Result "0-1"]
[WhiteElo "2080"]
[BlackElo "2017"]
[PlyCount "44"]
[EventDate "2012.??.??"]

1. e4 d6 2. d4 Nf6 3. Nc3 g6 4. h3 Bg7 5. Be3 c6 6. a4 O-O 7. Nf3 Nbd7 8. e5
Nd5 9. Nxd5 cxd5 10. exd6 exd6 11. Be2 Nf6 12. O-O Ne4 13. c3 Be6 14. Bd3 h6
15. Re1 f5 16. Bc1 Qf6 17. Qc2 g5 18. Rf1 Qg6 19. g3 Qh5 20. Kg2 f4 21. Ng1 f3+
22. Kh2 Bxh3 0-1

[Event "SR 3. liga A2 2012/2013"]
[Site "?"]
[Date "2013.01.13"]
[Round "6.1"]
[White "Nemeckay, Rastislav"]
[Black "Ambros, Rafael"]
[Result "1/2-1/2"]
[WhiteElo "1980"]
[BlackElo "1997"]
[PlyCount "22"]
[EventDate "2012.??.??"]

1. e4 c5 2. Nf3 Nc6 3. d4 cxd4 4. Nxd4 g6 5. Be3 Bg7 6. c3 Nf6 7. f3 O-O 8. Bc4
d5 9. exd5 Nxd5 10. Bf2 Nb6 11. Bb3 Nxd4 1/2-1/2

[Event "SR 3. liga A2 2012/2013"]
[Site "?"]
[Date "2013.01.13"]
[Round "6.1"]
[White "Kocak, Branislav"]
[Black "Spacek, Marcel"]
[Result "1/2-1/2"]
[WhiteElo "1891"]
[BlackElo "1846"]
[PlyCount "106"]
[EventDate "2012.??.??"]

1. d4 Nf6 2. c4 g6 3. Nc3 Bg7 4. e4 d6 5. f4 O-O 6. Nf3 c5 7. d5 Na6 8. Be2 Nc7
9. O-O Bd7 10. Qc2 Rb8 11. Bd2 a6 12. a4 b5 13. axb5 axb5 14. Nxb5 Nxb5 15.
cxb5 Bxb5 16. Bc3 Nd7 17. Rfe1 Qe8 18. e5 dxe5 19. fxe5 Nb6 20. Bxb5 Qxb5 21.
Red1 Nc4 22. Qe4 Nxb2 23. Bxb2 Qxb2 24. Rab1 Qa2 25. Ra1 Qb3 26. Rab1 Qc3 27.
d6 exd6 28. exd6 Rxb1 29. Rxb1 Qf6 30. d7 Qd6 31. Qe8 Bf6 32. Re1 Kg7 33. h3 c4
34. Ne5 c3 35. Ng4 Bg5 36. Qe5+ Qxe5 37. Nxe5 c2 38. Nc6 f5 39. Kf1 c1=Q 40.
Rxc1 Bxc1 41. d8=Q Rxd8 42. Nxd8 Kf6 43. Ke2 g5 44. Kf3 h5 45. Nc6 Bb2 46. Nb4
g4+ 47. hxg4 hxg4+ 48. Kf2 f4 49. Nd3 Bd4+ 50. Kf1 Kf5 51. Nb4 Ke4 52. Ke2 g3
53. Nd3 Ba7 1/2-1/2

[Event "SR 3. liga A2 2012/2013"]
[Site "?"]
[Date "2013.01.13"]
[Round "6.1"]
[White "Diviak, Rudolf"]
[Black "Brunovsky, Peter"]
[Result "1/2-1/2"]
[WhiteElo "1852"]
[BlackElo "1816"]
[PlyCount "91"]
[EventDate "2012.??.??"]

1. e4 c6 2. d4 d5 3. Nc3 dxe4 4. Nxe4 Nf6 5. Qd3 Nxe4 6. Qxe4 Nd7 7. Bd3 Nf6 8.
Qf4 g6 9. Nf3 Bg7 10. c3 O-O 11. Ne5 Be6 12. f3 Rc8 13. Be4 Qc7 14. Nd3 Qxf4
15. Bxf4 Nxe4 16. fxe4 b6 17. O-O Rfd8 18. Rfd1 Bc4 19. Kf2 e6 20. Rd2 a5 21.
Ne5 Bxe5 22. Bxe5 a4 23. Bf6 Rd7 24. h4 Rb8 25. h5 b5 26. a3 Bb3 27. Rh1 Bc4
28. Ke3 Rc8 29. Rh4 Ra8 30. e5 Bd5 31. g3 Rc8 32. Rg4 Rb8 33. Rh2 Rbb7 34. Rf4
Ba2 35. Rhf2 Rb8 36. Bg5 Bd5 37. Rf6 Ba2 38. Bh6 gxh5 39. Rh2 Bb1 40. Rxh5 Bg6
41. Rh2 Rbd8 42. Rf4 Re8 43. Bg5 Rb8 44. Bf6 Rc8 45. Rg4 Kf8 46. Rgh4 1/2-1/2

[Event "SR 3. liga A2 2012/2013"]
[Site "?"]
[Date "2013.01.13"]
[Round "6.1"]
[White "Valla, Tomas"]
[Black "Skapik, Branislav"]
[Result "1-0"]
[WhiteElo "1813"]
[BlackElo "1857"]
[PlyCount "62"]
[EventDate "2012.??.??"]

1. e4 c6 2. d4 d5 3. f3 Nd7 4. Nc3 Nb6 5. Be3 e6 6. Nge2 Nc4 7. Bc1 Bb4 8. a3
Ba5 9. b4 Bc7 10. e5 a5 11. b5 Bd7 12. a4 c5 13. f4 cxd4 14. Nxd4 Bb6 15. Bxc4
dxc4 16. Ne4 Bc7 17. Ba3 Ne7 18. Qg4 Rg8 19. Bxe7 Kxe7 20. O-O Bb6 21. c3 Qc7
22. Rad1 h6 23. h4 Raf8 24. h5 Kd8 25. Qh4+ Kc8 26. Kh1 Bc5 27. Nf3 Be8 28.
Nxc5 g5 29. hxg6 fxg6 30. Nxe6 g5 31. Qf2 Qe7 1-0

[Event "SR 3. liga A2 2012/2013"]
[Site "?"]
[Date "2013.01.13"]
[Round "6.1"]
[White "Ocko, Martin"]
[Black "Zajicek, Ferdinand"]
[Result "0-1"]
[WhiteElo "1661"]
[BlackElo "1830"]
[PlyCount "106"]
[EventDate "2012.??.??"]

1. d4 c5 2. Nf3 Nf6 3. g3 g6 4. Bg2 Bg7 5. O-O cxd4 6. Nxd4 O-O 7. Nc3 d5 8.
Nb3 e6 9. h3 Nc6 10. Be3 b6 11. Qd2 Bb7 12. Nd4 Qd7 13. Rad1 Rfd8 14. Nxc6 Qxc6
15. Bg5 Rd7 16. Bxf6 Bxf6 17. Rfe1 Bxc3 18. bxc3 Rc7 19. e4 Qxc3 20. exd5 Qxd2
21. Rxd2 Bxd5 22. Bxd5 exd5 23. Rxd5 Rxc2 24. Rd7 Rxa2 25. Ree7 Rf8 26. Rxa7
Rxa7 27. Rxa7 Rb8 28. Ra4 b5 29. Rb4 f5 30. Kf1 Kf7 31. Ke2 Ke6 32. Kd3 Kd5 33.
Rh4 h5 34. g4 hxg4 35. hxg4 f4 36. Rh6 Rb6 37. Rh8 b4 38. Rh1 b3 39. Rb1 b2 40.
Kd2 Ke4 41. Ke2 f3+ 42. Kd2 Kf4 43. Kc2 Kxg4 44. Rg1+ Kf4 45. Kb1 g5 46. Rd1
Rb4 47. Rd8 Re4 48. Rf8+ Kg4 49. Rb8 Re1+ 50. Kxb2 Re2+ 51. Kc3 Rxf2 52. Rb4+
Kg3 53. Rb1 Kg2 0-1

[Event "SR 3. liga A2 2012/2013"]
[Site "?"]
[Date "2013.01.13"]
[Round "6.1"]
[White "Papanek, Lubomir"]
[Black "Pipiska, Adam"]
[Result "0-1"]
[WhiteElo "1590"]
[BlackElo "1674"]
[PlyCount "76"]
[EventDate "2012.??.??"]

1. d4 Nf6 2. c4 g6 3. Nf3 Bg7 4. Nc3 O-O 5. e4 d6 6. Be2 Nbd7 7. O-O e5 8. Be3
Re8 9. Qc2 Qe7 10. Rad1 exd4 11. Bxd4 Nxe4 12. Bxg7 Kxg7 13. Nxe4 Qxe4 14. Bd3
Qe7 15. Rfe1 Qd8 16. Qc3+ Kg8 17. Rxe8+ Qxe8 18. Re1 Qd8 19. h4 Nc5 20. Bc2 Bg4
21. g3 Qf8 22. b4 Nd7 23. Nh2 Be6 24. Nf3 Qg7 25. Qd3 Qb2 26. h5 Bf5 27. Qd4
Qxd4 28. Nxd4 Bxc2 29. Nxc2 Ne5 30. Kg2 Nxc4 31. Re7 Rc8 32. hxg6 hxg6 33. a4
Ne5 34. f4 Kf8 35. Rxe5 dxe5 36. fxe5 Re8 37. Nd4 Rxe5 38. Nb5 Re4 0-1

[Event "SR 3. liga A2 2012/2013"]
[Site "?"]
[Date "2013.01.13"]
[Round "6.2"]
[White "Sefcik, Marek"]
[Black "Krist, Milan"]
[Result "1-0"]
[WhiteElo "2021"]
[BlackElo "1985"]
[PlyCount "97"]
[EventDate "2012.??.??"]

1. d4 d5 2. Bf4 Bf5 3. e3 e6 4. Bd3 Bxd3 5. Qxd3 c6 6. Nf3 Nf6 7. h3 Nbd7 8.
Nbd2 Be7 9. O-O O-O 10. Ne5 c5 11. c3 Rc8 12. Ndf3 c4 13. Qc2 Ne4 14. Nxd7 Qxd7
15. Ne5 Qd8 16. f3 Nf6 17. Bh2 b5 18. a3 Bd6 19. e4 Qb6 20. g4 Bxe5 21. Bxe5
Nd7 22. Bg3 a5 23. Qd2 Qb7 24. Bd6 Rfe8 25. e5 Rc6 26. f4 Nb6 27. Qe2 Nc8 28.
Bc5 Rxc5 29. dxc5 Qc7 30. b4 a4 31. Rae1 Ne7 32. Qf2 Rd8 33. Rd1 g6 34. Rd2 Kg7
35. Qh4 Ng8 36. Qg3 Ne7 37. Kf2 Qb7 38. Ke1 Rd7 39. Kd1 Qc6 40. Kc1 Qb7 41. f5
Kh8 42. fxe6 fxe6 43. Rf8+ Ng8 44. Qf3 Kg7 45. Rf2 h6 46. Re8 Rf7 47. Qxf7+
Qxf7 48. Rxf7+ Kxf7 49. Rxg8 1-0

[Event "SR 3. liga A2 2012/2013"]
[Site "?"]
[Date "2013.01.13"]
[Round "6.2"]
[White "Mosny, Jaroslav"]
[Black "Kovarik, Oto"]
[Result "1-0"]
[WhiteElo "1923"]
[BlackElo "1979"]
[PlyCount "111"]
[EventDate "2012.??.??"]

1. d4 d5 2. Nf3 Nf6 3. e3 e6 4. Bd3 c5 5. b3 Nc6 6. O-O Be7 7. Bb2 O-O 8. Nbd2
a6 9. Ne5 Qc7 10. a3 b5 11. Nxc6 Qxc6 12. dxc5 Qxc5 13. Bd4 Qc7 14. f4 Bb7 15.
Qf3 Rac8 16. Qg3 g6 17. Nf3 Ne4 18. Qh3 f5 19. g4 Bc5 20. gxf5 exf5 21. Qh4
Rce8 22. Qe1 Bxd4 23. Nxd4 Nc3 24. b4 Re7 25. Rf3 Rfe8 26. Qg3 Ne4 27. Qe1 Qd7
28. Qe2 Nd6 29. Rg3 Kf8 30. Re1 Nc4 31. Qf2 Nd6 32. Rf3 Ne4 33. Qh4 Qc7 34. Rh3
Kg8 35. Re2 Rg7 36. Bxe4 Rxe4 37. Qf6 Rf7 38. Qh4 Qd6 39. Rg3 Rc7 40. Nxf5 Qf8
41. Nd4 Rc3 42. Reg2 Qf7 43. Qh6 Rc7 44. f5 Rxd4 45. exd4 Qf8 46. Qxf8+ Kxf8
47. fxg6 hxg6 48. Rxg6 Rf7 49. Rg8+ Ke7 50. R2g7 Bc6 51. Rxf7+ Kxf7 52. Rc8 Bd7
53. Rc7 Ke6 54. Kf2 Be8 55. Ke3 Kd6 56. Ra7 1-0

[Event "SR 3. liga A2 2012/2013"]
[Site "?"]
[Date "2013.01.13"]
[Round "6.2"]
[White "Husek, Lubomir"]
[Black "Puskas, Miroslav"]
[Result "1-0"]
[WhiteElo "1809"]
[BlackElo "1909"]
[PlyCount "73"]
[EventDate "2012.??.??"]

1. d4 d5 2. c4 e6 3. Nf3 Nf6 4. Bg5 Be7 5. e3 c6 6. Nc3 O-O 7. Bd3 dxc4 8. Bxc4
Nd5 9. Bxe7 Qxe7 10. O-O b5 11. Bd3 b4 12. Nxd5 exd5 13. Qc2 g6 14. Ne5 Bb7 15.
a3 f6 16. Nf3 bxa3 17. Rxa3 Rc8 18. Rc1 Kg7 19. Qb3 Rc7 20. Qa2 a6 21. Rac3 Nd7
22. Qa5 Qd6 23. h3 Rac8 24. b4 Nb8 25. Rc5 Nd7 26. R5c3 Nb8 27. b5 axb5 28.
Bxb5 c5 29. dxc5 Rxc5 30. Rxc5 Rxc5 31. Rxc5 Qxc5 32. Nd4 Qc8 33. Qa7 Kh6 34.
Qb6 Nd7 35. Bxd7 Qxd7 36. Qxf6 Bc8 37. Qf8+ 1-0

[Event "SR 3. liga A2 2012/2013"]
[Site "?"]
[Date "2013.01.13"]
[Round "6.2"]
[White "Bukovsky, Milan"]
[Black "Hrubos, Milan"]
[Result "1/2-1/2"]
[WhiteElo "1956"]
[BlackElo "1786"]
[PlyCount "93"]
[EventDate "2012.??.??"]

1. c4 Nf6 2. Nc3 e6 3. e4 Bb4 4. e5 Ng8 5. Qg4 g6 6. d4 h5 7. Qd1 d5 8. Nf3 Nc6
9. a3 Be7 10. cxd5 exd5 11. Bd3 Be6 12. O-O Nh6 13. b4 a6 14. Bd2 Nf5 15. Ne2
O-O 16. Qc2 Kg7 17. Rac1 Nh4 18. Nxh4 Bxh4 19. f4 f5 20. exf6+ Bxf6 21. Be3 Qe8
22. h3 Bxh3 23. Bf2 Bg4 24. Rce1 Qf7 25. Qc5 Be7 26. Qc2 Bd6 27. Be3 Ne7 28.
Ng3 Nf5 29. Nxf5+ Bxf5 30. Bxf5 Qxf5 31. Qxf5 Rxf5 32. g3 a5 33. Bd2 axb4 34.
Bxb4 Bxb4 35. axb4 Kf7 36. Rc1 c6 37. b5 Rf6 38. bxc6 bxc6 39. Rf3 Rc8 40. Kg2
Re6 41. f5 Re2+ 42. Kf1 Rd2 43. fxg6+ Kxg6 44. Rf4 Kg5 45. Re1 Rh8 46. Re5+ Kg6
47. Re6+ 1/2-1/2

[Event "SR 3. liga A2 2012/2013"]
[Site "?"]
[Date "2013.01.13"]
[Round "6.2"]
[White "Benak, Peter"]
[Black "Klanica, Anton"]
[Result "1/2-1/2"]
[WhiteElo "1594"]
[BlackElo "1853"]
[PlyCount "84"]
[EventDate "2012.??.??"]

1. e4 e6 2. d4 d5 3. exd5 exd5 4. Nf3 Nf6 5. Be2 Bd6 6. O-O O-O 7. Bg5 Bg4 8.
Nc3 c6 9. Re1 Bxf3 10. Bxf3 Nbd7 11. Qd2 Qb6 12. Na4 Qc7 13. h3 Rfe8 14. Rxe8+
Rxe8 15. Re1 Rxe1+ 16. Qxe1 Kf8 17. b4 h6 18. Bxf6 Nxf6 19. Nc5 Bxc5 20. dxc5
Qf4 21. a3 Qd4 22. Qe3 Qxe3 23. fxe3 Ke7 24. Kf2 Kd8 25. Ke2 Kc7 26. Kd3 b6 27.
Kd4 bxc5+ 28. Kxc5 Nd7+ 29. Kd4 Kd6 30. e4 dxe4 31. Bxe4 f6 32. c4 c5+ 33.
bxc5+ Nxc5 34. Bd5 a6 35. g4 g5 36. Bf7 a5 37. Bd5 Nd7 38. Bg8 Kc6 39. Bd5+ Kd6
40. Bg8 Nc5 41. Bd5 Nb3+ 42. Kc3 Nc5 1/2-1/2

[Event "SR 3. liga A2 2012/2013"]
[Site "?"]
[Date "2013.01.13"]
[Round "6.2"]
[White "Holicky, Miroslav"]
[Black "Klimes, Karel"]
[Result "1-0"]
[WhiteElo "1750"]
[BlackElo "1724"]
[PlyCount "37"]
[EventDate "2012.??.??"]

1. e4 e5 2. Nc3 Nf6 3. f4 d6 4. Nf3 Nc6 5. Bb5 exf4 6. d4 Bd7 7. Bxf4 Na5 8.
Bd3 Be6 9. d5 Bg4 10. b4 Nh5 11. Be3 Qf6 12. Nb5 Kd7 13. O-O c6 14. Nbd4 c5 15.
bxc5 dxc5 16. Ne5+ Qxe5 17. Qxg4+ Ke8 18. Bb5+ Nc6 19. Nxc6 1-0

[Event "SR 3. liga A2 2012/2013"]
[Site "?"]
[Date "2013.01.13"]
[Round "6.2"]
[White "Sladek, Michal"]
[Black "Lackovic, Marek"]
[Result "1/2-1/2"]
[WhiteElo "1000"]
[BlackElo "1552"]
[PlyCount "78"]
[EventDate "2012.??.??"]

1. e4 c5 2. Bc4 d6 3. d3 Nc6 4. Nf3 Nf6 5. h3 e6 6. Nc3 Be7 7. Bg5 a6 8. Qe2 b5
9. Bb3 Bb7 10. O-O O-O 11. a3 Qc7 12. Rad1 Rad8 13. Rfe1 Nd7 14. Bxe7 Nxe7 15.
Qe3 Nb6 16. Qf4 Rd7 17. e5 d5 18. d4 Ng6 19. Qg3 Nc8 20. Nh4 Nce7 21. Ne2 Nxh4
22. Qxh4 Nf5 23. Qg4 cxd4 24. Nxd4 Nxd4 25. Rxd4 a5 26. c3 Bc6 27. Bc2 Re7 28.
Qh4 g6 29. Rf1 Qd8 30. f4 Rb7 31. Qxd8 Rxd8 32. Ra1 Ra8 33. b3 Rb6 34. Kf2 Kf8
35. Ke3 Ke7 36. g4 Rbb8 37. h4 Rg8 38. Rh1 Rac8 39. Kd2 Bd7 1/2-1/2

[Event "SR 3. liga A2 2012/2013"]
[Site "?"]
[Date "2013.01.13"]
[Round "6.3"]
[White "Malar, Pavol"]
[Black "Kovacocy, Pavel"]
[Result "1-0"]
[WhiteElo "2118"]
[BlackElo "2221"]
[PlyCount "123"]
[EventDate "2012.??.??"]

1. e4 g6 2. g3 Bg7 3. Bg2 c5 4. Nf3 Nc6 5. O-O d6 6. Re1 Bg4 7. h3 Bd7 8. d3
Rb8 9. Nbd2 b5 10. a4 bxa4 11. Rxa4 Na5 12. Ra2 e6 13. Nc4 Nxc4 14. dxc4 Qc7
15. Qd3 Ne7 16. Bf4 e5 17. Bg5 f6 18. Be3 Nc6 19. c3 Be6 20. Nd2 O-O 21. Kh2
Rf7 22. f4 f5 23. Qc2 exf4 24. Bxf4 Ne5 25. b3 Rbf8 26. Nf3 h6 27. Bxe5 dxe5
28. Nh4 f4 29. Nxg6 fxg3+ 30. Kxg3 Rd8 31. Rd1 Kh7 32. Nh4 Bf6 33. Nf3 Rg8+ 34.
Kh2 Rfg7 35. Rd2 Rg3 36. Qd1 Qg7 37. Qf1 Kh8 38. Ra6 Bxh3 39. Ne1 Qg5 40. Qxf6+
Qxf6 41. Rxf6 Rxg2+ 42. Rxg2 Bxg2 43. Nxg2 Rb8 44. Rxh6+ Kg7 45. Ra6 Rxb3 46.
Rxa7+ Kf6 47. Ne3 Kg5 48. Kg3 Rxc3 49. Kf3 Rd3 50. Rc7 Rd8 51. Rxc5 Rf8+ 52.
Nf5 Kf6 53. Rd5 Ke6 54. Rd6+ Kf7 55. c5 Ra8 56. Rd3 Ke6 57. c6 Rc8 58. Rd6+ Kf7
59. Rh6 Ra8 60. c7 Ra3+ 61. Kg4 Rc3 62. Rh8 1-0

[Event "SR 3. liga A2 2012/2013"]
[Site "?"]
[Date "2013.01.13"]
[Round "6.3"]
[White "Cechovic, Stefan"]
[Black "Bisco, Igor"]
[Result "1/2-1/2"]
[WhiteElo "2169"]
[BlackElo "2143"]
[PlyCount "35"]
[EventDate "2012.??.??"]

1. Nf3 Nf6 2. c4 g6 3. g3 Bg7 4. Bg2 O-O 5. O-O d6 6. d4 c6 7. Nc3 Nbd7 8. Qc2
Qc7 9. b3 Re8 10. Bb2 h6 11. Rac1 e5 12. e3 a6 13. Rfd1 exd4 14. Nxd4 Nc5 15.
Rd2 Bg4 16. h3 Bd7 17. Kh2 Bc8 18. b4 1/2-1/2

[Event "SR 3. liga A2 2012/2013"]
[Site "?"]
[Date "2013.01.13"]
[Round "6.3"]
[White "Slamena, Michal"]
[Black "Liptak, Tomas"]
[Result "0-1"]
[WhiteElo "1986"]
[BlackElo "2082"]
[PlyCount "94"]
[EventDate "2012.??.??"]

1. e4 c5 2. Nf3 d6 3. d4 cxd4 4. Nxd4 Nf6 5. Nc3 a6 6. Bg5 e6 7. f4 Nbd7 8. Qf3
Be7 9. O-O-O Qc7 10. g4 b5 11. a3 Bb7 12. Bxf6 Nxf6 13. g5 Nd7 14. f5 e5 15.
Ndxb5 axb5 16. Nxb5 Qc6 17. g6 hxg6 18. fxg6 fxg6 19. Qg3 Rh6 20. Nc3 Ba6 21.
Qg4 Nf6 22. Qe6 Bxf1 23. Rhxf1 Rc8 24. Rf2 Qd7 25. Qb3 Qc6 26. Rdf1 Qc4 27. Qb7
Rc7 28. Qb8+ Rc8 29. Qb7 Rc7 30. Qb6 Rxh2 31. a4 Rxf2 32. Rxf2 Qc5 33. Qb5+
Qxb5 34. Nxb5 Rc4 35. b3 Rxe4 36. Rf3 Kd7 37. a5 Rb4 38. c4 d5 39. a6 Bc5 40.
Rd3 Kc8 41. a7 Kb7 42. a8=Q+ Kxa8 43. Nc7+ Kb7 44. Ne6 Bd6 45. cxd5 e4 46. Rh3
Nxd5 47. Rh4 e3 0-1

[Event "SR 3. liga A2 2012/2013"]
[Site "?"]
[Date "2013.01.13"]
[Round "6.3"]
[White "Liptak, Dusan"]
[Black "Peska, Juraj"]
[Result "1-0"]
[WhiteElo "2060"]
[BlackElo "1928"]
[PlyCount "71"]
[EventDate "2012.??.??"]

1. Nf3 Nf6 2. c4 c5 3. d4 cxd4 4. Nxd4 Nc6 5. Nc3 g6 6. Nb3 Bg7 7. e4 d6 8. Be2
O-O 9. Be3 Bd7 10. Rc1 b6 11. O-O Rc8 12. f4 Be6 13. g4 Nb4 14. Nd2 Na6 15. f5
Bd7 16. Qe1 Bc6 17. Qh4 Nc5 18. g5 Nfd7 19. Rf3 Re8 20. Rh3 Nf8 21. Rf1 Bd7 22.
Bg4 Nd3 23. Nd5 Ne5 24. Be2 Rb8 25. Rg3 Bh8 26. Kg2 Nc6 27. Rgf3 Ne5 28. R3f2
Bc6 29. Qg3 Nfd7 30. h4 e6 31. fxe6 fxe6 32. Nf6+ Nxf6 33. gxf6 Kf7 34. h5 Rg8
35. hxg6+ hxg6 36. Qh4 1-0

[Event "SR 3. liga A2 2012/2013"]
[Site "?"]
[Date "2013.01.13"]
[Round "6.3"]
[White "Gajarsky, Roman"]
[Black "Sarmir, Milos"]
[Result "0-1"]
[WhiteElo "1873"]
[BlackElo "2067"]
[PlyCount "71"]
[EventDate "2012.??.??"]

1. e4 c6 2. d4 d6 3. b3 g6 4. Bb2 Bg7 5. Nf3 Nd7 6. c3 c5 7. Qc2 Ngf6 8. Nbd2
O-O 9. h3 a6 10. Bd3 e5 11. d5 Nh5 12. g3 Nb6 13. c4 Qe7 14. O-O-O Bd7 15. Rdg1
Nc8 16. Nh4 b5 17. Be2 Nf6 18. Ng2 Nb6 19. Ne3 bxc4 20. Nexc4 Nxc4 21. Bxc4 Bb5
22. g4 Nd7 23. g5 f6 24. gxf6 Qxf6 25. f3 Bh6 26. Rf1 Bxc4 27. Qxc4 Nb6 28. Qd3
c4 29. bxc4 Nxc4 30. Bc3 Rfc8 31. Kb1 Na3+ 32. Ka1 Be3 33. Rc1 Qf4 34. Rhe1
Rxc3 35. Rxc3 Bxd2 36. Rd1 0-1

[Event "SR 3. liga A2 2012/2013"]
[Site "?"]
[Date "2013.01.13"]
[Round "6.3"]
[White "Vagovsky, Jozef"]
[Black "Janas, Peter"]
[Result "1-0"]
[WhiteElo "1971"]
[BlackElo "1756"]
[PlyCount "61"]
[EventDate "2012.??.??"]

1. d4 Nf6 2. Nf3 g6 3. c4 d6 4. g3 Bg7 5. Nc3 O-O 6. Bg2 c6 7. O-O Na6 8. h3
Nc7 9. e4 Nd7 10. Be3 Kh8 11. Qd2 Nb6 12. b3 Bd7 13. Rad1 Bc8 14. Bh6 Ne8 15.
Bxg7+ Kxg7 16. Qe3 Qc7 17. e5 d5 18. cxd5 Nxd5 19. Nxd5 cxd5 20. Rc1 Qd8 21.
Rc3 h6 22. Rfc1 Bd7 23. Ne1 e6 24. Nd3 a5 25. R1c2 Qb6 26. Bf1 Bc6 27. Nc5 Qd8
28. Bd3 b6 29. Nxe6+ fxe6 30. Rxc6 Rb8 31. Rxe6 1-0

[Event "SR 3. liga A2 2012/2013"]
[Site "?"]
[Date "2013.01.13"]
[Round "6.3"]
[White "Cebo, Vladimir"]
[Black "Markuliak, Mario"]
[Result "0-1"]
[WhiteElo "1627"]
[BlackElo "1808"]
[PlyCount "77"]
[EventDate "2012.??.??"]

1. c4 d6 2. d4 e5 3. e3 Nd7 4. Nc3 Ngf6 5. Bd3 Be7 6. Nge2 O-O 7. O-O c6 8. Ng3
Qc7 9. Nf5 Re8 10. b3 Bf8 11. Bb2 g6 12. Ng3 Bg7 13. d5 a5 14. Rc1 Nc5 15. Bb1
Bd7 16. h3 Rf8 17. Kh1 Ne8 18. f4 f5 19. Nce2 b5 20. fxe5 Bxe5 21. Bxe5 dxe5
22. cxb5 cxb5 23. Qd2 Qd6 24. Rfd1 b4 25. Ng1 Nf6 26. Qe1 Bb5 27. Nf3 e4 28.
Ng5 Nxd5 29. Rd4 Bd3 30. Qf2 Bxb1 31. Rxb1 Nd3 32. Qd2 Qxg3 33. Ne6 Nxe3 34.
Rxd3 exd3 35. Nxf8 Rxf8 36. Rc1 f4 37. Rg1 f3 38. gxf3 Qxh3+ 39. Qh2 0-1

[Event "SR 3. liga A2 2012/2013"]
[Site "?"]
[Date "2013.01.13"]
[Round "6.3"]
[White "Vlkovic, Pavol"]
[Black "Drgon, Matus"]
[Result "0-1"]
[WhiteElo "1801"]
[BlackElo "1643"]
[PlyCount "74"]
[EventDate "2012.??.??"]

1. e4 c5 2. d4 cxd4 3. c3 dxc3 4. Nxc3 d6 5. Bc4 e6 6. Nf3 Be7 7. O-O Nf6 8.
Qe2 Nc6 9. a3 O-O 10. Rd1 Qc7 11. Bf4 e5 12. Bg5 Bg4 13. Be3 Bxf3 14. gxf3 Qd7
15. Qf1 Nh5 16. Nd5 Nf6 17. Qg2 Kh8 18. Kh1 Nxd5 19. Bxd5 Bf6 20. Rd2 Rfd8 21.
Rad1 Qe7 22. Ba2 a6 23. Rg1 g6 24. Rc1 Rac8 25. Rdc2 Qd7 26. f4 exf4 27. Bxf4
Ne5 28. f3 Rxc2 29. Rxc2 Nd3 30. Bg3 Be5 31. Qe2 Nf4 32. Qe3 Qh3 33. a4 Qf1+
34. Qg1 Qxf3+ 35. Rg2 Nxg2 36. Qxg2 Qxg2+ 37. Kxg2 Bxg3 0-1